000
00279nam a22001217a 4500
020
_a
0-06-015129-3
082
_a
530.8 ASI'M
100
_a
ISAAC, ASIMOV
_9
65099
245
_a
THE MEASURE OF THE UNIVERSE
260
_a
LONDON
_b
HARPER & ROW
_c
1983
300
_a
339P
942
_c
BK
999
_c
573412
_d
573412